| 000 | 01153nam a22003137a 4500 | ||
|---|---|---|---|
| 003 | CHAP | ||
| 005 | 20220329140842.0 | ||
| 008 | 971013s1985 r 10010 d | ||
| 010 | _a58653 | ||
| 011 | _a59625 | ||
| 035 | _a63785 | ||
| 040 | _cCHAP | ||
| 082 |
_a630.9721 _bT3 |
||
| 111 | 0 | 0 |
_aTaller de Trabajo Sistemas de Producción Agropecuarios ( _n2 _d: 1983 _c: Matamoros, Coah.) _9111442 |
| 245 | _aAnálisis de una metodología en la selección y caracterización de sistemas de producción agropecuarios ; memorias | ||
| 260 |
_aGómez Palacios, Dgo. : _bINIA. Campo Agrícola Experimental de la Laguna, _c1985 |
||
| 300 | _a62 p. | ||
| 500 | _aEjem. defectuoso hoja 41 en blanco | ||
| 590 |
_aBATCH-UPD _b10 _c20130110 _lUCH01 _h0822 |
||
| 590 |
_aBATCH-UPD _b10 _c20130410 _lUCH01 _h0500 |
||
| 590 |
_aBATCH-UPD _b10 _c20130914 _lUCH01 _h1459 |
||
| 590 |
_aCONVERSION _b10 _c20130109 _lUCH01 _h1331 |
||
| 650 | 1 | 4 |
_aGanadería _xChihuahua. _944669 |
| 650 | 1 | 4 |
_aGanadería _xComarca Lagunera. _944676 |
| 650 | 1 | 4 |
_aGanadería _xPuebla. _944838 |
| 901 | _aBK | ||
| 942 | _cLIBRO | ||
| 949 |
_a630.9721 T3 _bBC _cCONG _d-137525 _eCONG _h70235 _i63785 _si |
||
| 999 |
_c58653 _d58653 |
||